Piłkarze Zenitu Petersburg - nagła śmierć - Statystyki

Ogólne statystyki
  • Ten quiz został rozwiązany 67 razy
  • Średni wynik to 6 z 12
Answers on the Grid
Answers color-coded by a green-red scale on the quiz's grid according to % correct below.
Hulk
Grzegorz Krychowiak
Samuel Eto’o
Branislav Ivanovic
Zlatan Ibrahimović
Leandro Paredes
Dejan Lovren
Karim Benzema
Axel Witsel
Mateo Kovačić
Andrey Arshavin
Maciej Rybus
Roberto Carlos
Malcom
Adrian Mierzejewski
Anatoliy Tymoshchuk
Bruno Alves
Maicon
Andy Carroll
Claudio Marchisio
Yannick Carrasco
Martin Skrtel
Ezequiel Garay
Didier Drogba
 
Statystyki odpowiedzi
Odpowiedź % Poprawnych
Hulk
98%
Branislav Ivanovic
65%
Axel Witsel
56%
Malcom
54%
Andrey Arshavin
50%
Dejan Lovren
50%
Anatoliy Tymoshchuk
48%
Bruno Alves
40%
Ezequiel Garay
33%
Leandro Paredes
33%
Martin Skrtel
27%
Claudio Marchisio
21%
Nie znaleziono quizów pasujących do podanych kryteriów
Rozkład punktacji
Procent ludzi z każdym wynikiem
Percentyl według liczby udzielonych odpowiedzi
Twoja historia wyników
Nie rozwiązałeś tego quizu